[Event "Chinese-ch Men 2020"]
[Site "Xinghua"]
[Date "2020.12.21"]
[Round "3.1"]
[White "Bai, Jinshi"]
[Black "Xu, Xiangyu"]
[Result "1/2-1/2"]
[WhiteElo "2618"]
[BlackElo "2573"]
[Annotator "TA"]
[PlyCount "64"]
[EventDate "2020.12.19"]
[EventType "tourn"]
[EventCountry "CHN"]
[SourceTitle "playchess.com"]
[Source "ChessBase"]
[SourceQuality "1"]

{[%evp 15,64,10,18,10,19,15,16,14,17,12,16,16,10,15,16,15,27,25,27,22,22,10,11,15,15,15,15,16,18,13,15,0,0,-5,8,0,0,0,8,0,6,6,6,6,12,6,6,6,7,8,22]} 1. d4 d5 2. Nf3 Nf6 3. c4 dxc4 4. e3 e6 5. Bxc4 c5 6. O-O Nc6 7. dxc5 Qxd1 8. Rxd1 Bxc5 9. a3 {D26: Queen's Gambit Accepted: 4 e3 e6 5 Bxc5 c5 sidelines.} O-O 10. b4 Be7 11. Bb2 b6 12. Nc3 Bb7 13. Be2 Rfd8 14. Nd2 {[#]} Ne8 $146 ({Predecessor:} 14... Ne5 15. Nb5 Ned7 16. Bf3 Bxf3 17. Nxf3 Nd5 18. Nfd4 Bf6 19. e4 Nf4 20. Nc6 Bxb2 {1-0 (55) Splichal,J (1950)-Jezek,O (1770) ICCF email 2016}) 15. Nc4 Bf6 16. Nb5 Ba6 17. Bxf6 gxf6 {The position is equal.} 18. Nb2 Kf8 19. Kf1 Rac8 20. Rac1 Rxd1+ 21. Nxd1 f5 22. Ke1 Bb7 23. g3 a6 24. Nbc3 Ne7 25. Kd2 Rd8+ 26. Ke1 Rc8 27. Na2 Rxc1 (27... Rb8 {looks sharper.} 28. Ndc3 a5 29. bxa5 bxa5 30. Rb1 Nd6) 28. Nxc1 Nd5 29. Kd2 Nd6 30. f3 Ke7 31. Nc3 Nxc3 32. Kxc3 f6 {An uneventful encounter.  Weighted Error Value: White=0.03/Black=0.01} 1/2-1/2

[Event "Chinese-ch Men 2020"]
[Site "Xinghua"]
[Date "2020.12.21"]
[Round "3.2"]
[White "Wei, Yi"]
[Black "Lin, Yi"]
[Result "1-0"]
[WhiteElo "2732"]
[BlackElo "2408"]
[Annotator "TA"]
[PlyCount "87"]
[EventDate "2020.12.19"]
[EventType "tourn"]
[EventCountry "CHN"]
[SourceTitle "playchess.com"]
[Source "ChessBase"]
[SourceQuality "1"]

{[%evp 9,87,26,28,23,30,25,46,31,27,17,12,22,24,17,18,14,41,32,34,37,41,32,37,31,62,59,77,52,53,58,65,65,58,31,31,31,48,31,85,74,83,83,89,81,165,158,238,236,239,239,414,391,469,346,487,481,802,775,798,791,777,754,720,757,741,741,725,727,716,685,658,659,635,572,1025,927,1495,1528,1592,1562]} 1. Nf3 Nf6 2. c4 g6 3. Nc3 d5 4. cxd5 Nxd5 5. h4 Bg7 6. e4 {A16: English Opening: 1...Nf6 with ...d5.} Nxc3 7. dxc3 Qxd1+ 8. Kxd1 {White is slightly better.} Nd7 9. Bc4 Nc5 10. Re1 Bd7 11. Kc2 {[#]} Bc6 $146 ({Predecessor:} 11... a5 12. Bf4 b5 13. Bf1 O-O 14. Ne5 Be8 15. Rad1 b4 16. Bc4 bxc3 17. bxc3 Ba4+ {½-½ (49) Bu,X (2719)-Gao,R (2552) China 2016}) 12. Ng5 f6 13. Ne6 $1 {[%cal Re6c5]} Nxe6 14. Bxe6 Bd7 15. Bxd7+ (15. Bc4 {seems wilder.} a5 16. Be3 b5 17. Bd3 e6 18. h5) 15... Kxd7 16. Rd1+ Ke6 17. Bf4 c6 18. a4 {[%cal Ba2a4,Ba4a5][%mdl 32]} Rhd8 19. a5 a6 20. Kb3 Rd7 21. Kc4 Rad8 22. Rxd7 Kxd7 $14 {[%mdl 4096] Endgame KRB-KRB} 23. h5 Kc8 (23... e5 $14 24. Be3 Ke6) 24. Rh1 {Black is now going downhill.} g5 25. h6 Bf8 26. Be3 e5 {[#]} (26... Rd7 $16) 27. Rh3 $1 $18 Be7 {[#]} (27... Kd7 $16) 28. Bc5 $1 {[%cal Rc5e7]} Bxc5 29. Kxc5 {KR-KR} Kc7 $2 (29... Rg8 30. Kd6 Rg6) 30. Rf3 Rd6 31. g4 Re6 (31... Kd7 {might work better.} 32. Kb6 Kc8) 32. Rd3 {White is clearly winning.} Re8 (32... f5 $142 33. exf5 Rxh6) 33. Rd6 Rf8 34. c4 Rf7 35. b3 Rf8 36. b4 Rf7 37. b5 cxb5 38. cxb5 axb5 39. Rb6 Kd8 40. Kxb5 Ke8 41. Rd6 Ke7 42. Rd5 Ke8 43. Kb6 Re7 44. Ka7 {Weighted Error Value: White=0.09/Black=0.30} 1-0

[Event "Chinese-ch Men 2020"]
[Site "Xinghua"]
[Date "2020.12.21"]
[Round "3.3"]
[White "Lu, Shanglei"]
[Black "Huang, Renjie"]
[Result "1-0"]
[WhiteElo "2615"]
[BlackElo "2422"]
[Annotator "TA"]
[PlyCount "81"]
[EventDate "2020.12.19"]
[EventType "tourn"]
[EventCountry "CHN"]
[SourceTitle "playchess.com"]
[Source "ChessBase"]
[SourceQuality "1"]

{[%evp 21,81,44,53,44,55,30,29,30,29,29,34,37,70,65,241,248,235,235,249,229,235,225,294,291,282,276,287,283,384,376,362,280,381,388,376,389,388,393,504,468,749,761,856,823,2752,2593,2406,2482,2117,1813,29936,6087,29975,29976,29976,29976,29976,29977,29977,29978,29978,29978]} 1. e4 c5 2. Nf3 Nc6 3. d4 cxd4 4. Nxd4 g6 5. c4 Nf6 6. Nc3 d6 7. f3 Nxd4 8. Qxd4 Bg7 9. Be3 O-O 10. Qd2 Be6 11. Rc1 Qa5 12. b3 {B36: Sicilian: Maroczy Bind: Gurgenidze System.} Rfc8 13. Bd3 a6 14. Ne2 {[%cal Bc3e2,Be2f4,Bf4e6,Be6c7][%mdl 32] White has an edge.} Qxd2+ 15. Kxd2 b5 16. Nf4 bxc4 17. Nxe6 cxd3 $2 {[#]} (17... fxe6 $14 18. Rxc4 Rxc4 19. Bxc4 d5) 18. Nc7 $1 $18 Rab8 19. Nxa6 {[#]} Ra8 $146 ({Predecessor:} 19... Rxc1 20. Rxc1 Ra8 21. Rc6 Nd7 22. a4 f5 23. exf5 gxf5 24. f4 d5 25. Nc7 Rb8 {1-0 (42) Shyam Prasad Reddy,K (2252)-Namini,A (2229) Djenovici 2019}) 20. Rxc8+ Rxc8 {[#]} 21. Rc1 $1 {[%cal Rc1c8]} ({Don't take} 21. Kxd3 $6 d5 $16) 21... Rxc1 22. Kxc1 {[%mdl 4096] Endgame KBN-KBN} d5 23. exd5 Nxd5 24. Kd2 f5 25. Kxd3 Kf7 26. a4 Ke6 27. Bd2 Kd6 28. b4 Be5 29. g3 h5 30. b5 h4 (30... f4 $142 31. Be1 Nb6) 31. f4 Bf6 32. Nb4 h3 33. Nxd5 Kxd5 {KB-KB} 34. Bc3 e5 35. b6 e4+ 36. Kc2 Bd8 37. b7 {White mates.} Bc7 {[#]} 38. Be5 $1 {[%mdl 512]} Kc6 (38... Bxe5 39. fxe5) 39. b8=Q {[%mdl 64] X-Ray Attack} Bxb8 40. Bxb8 Kc5 41. Kc3 {Black got outplayed after the opening.  Weighted Error Value: White=0.09/Black=0.78} 1-0

[Event "Chinese-ch Men 2020"]
[Site "Xinghua"]
[Date "2020.12.21"]
[Round "3.4"]
[White "Xu, Yinglun"]
[Black "Ju, Wenjun"]
[Result "1-0"]
[WhiteElo "2554"]
[BlackElo "2560"]
[Annotator "TA"]
[PlyCount "73"]
[EventDate "2020.12.19"]
[EventType "tourn"]
[EventCountry "CHN"]
[SourceTitle "playchess.com"]
[Source "ChessBase"]
[SourceQuality "1"]

{[%evp 20,73,21,0,9,-29,-25,-25,-24,-25,-27,-14,-5,-16,-17,-19,0,0,0,0,0,0,0,0,27,0,11,4,35,26,74,72,72,80,80,68,80,79,108,101,160,126,125,112,110,110,155,146,331,320,496,491,483,488,556,334]} 1. c4 e5 2. Nc3 Nf6 3. Nf3 Nc6 4. g3 d5 5. cxd5 Nxd5 6. Bg2 Nb6 7. O-O Be7 8. d3 O-O 9. Be3 Re8 10. Rc1 Bf8 11. Ne4 {11.Bg5 injects fresh life into this line.} Nd4 {A29: English Opening: Four Knights Variation with 4 g3.} 12. Bxd4 exd4 13. Qd2 c6 {Black has an edge.} 14. Nc5 {[#]} g6 $146 ({Predecessor:} 14... Bxc5 15. Rxc5 Qd6 16. Rc2 Be6 17. Qa5 Bd5 18. b4 Nd7 19. Ng5 Bxg2 20. Kxg2 Re5 {½-½ (59) Wang,Y (2723)-Vachier Lagrave,M (2745) Beijing 2013}) 15. b4 Bg7 16. Rfe1 Nd5 17. Nb3 Ne7 18. a4 Nf5 19. Rb1 Rb8 20. b5 cxb5 21. axb5 Be6 22. Qb4 Bd5 23. Bh3 Bxf3 24. exf3 Ne7 25. Qc4 Nc8 26. Rxe8+ Qxe8 27. Nc5 {[%cal Bb3c5,Bc5b7,Bb7a5,Ba5c6,Bc6e7][%mdl 32]} ({Much weaker is} 27. Nxd4 $6 Nb6 $11) 27... Nb6 28. Qa2 Ra8 29. Nxb7 {Strongly threatening Nd6.} Qe7 ({Black should play} 29... Bf8) 30. Na5 a6 31. bxa6 {[%mdl 64] Discovered Attack} Rxa6 {[#]} 32. Nc6 $1 {[%mdl 64] Discovered Attack} Qb7 33. Qc2 {Bc8! is the strong threat.} Ra8 $2 {Loses the game.} (33... Bf6 $16 34. f4 Kg7) 34. f4 $18 Qa6 (34... Re8 $142 35. Ne5 Bxe5) 35. Ne7+ {White is clearly winning.} Kh8 36. Qc6 Bf8 37. Qf6+ {[%mdl 64] Double Attack.  Weighted Error Value: White=0.05/Black=0.28} 1-0

[Event "Chinese-ch Men 2020"]
[Site "Xinghua"]
[Date "2020.12.21"]
[Round "3.5"]
[White "Zhao, Jun"]
[Black "Zhang, Rui"]
[Result "1-0"]
[WhiteElo "2638"]
[BlackElo "1658"]
[Annotator "TA"]
[PlyCount "185"]
[EventDate "2020.12.19"]
[EventType "tourn"]
[EventCountry "CHN"]
[SourceTitle "playchess.com"]
[Source "ChessBase"]
[SourceQuality "1"]

{[%evp 20,185,20,20,32,0,52,10,19,19,19,19,19,19,19,16,23,16,24,13,11,14,20,0,13,0,0,0,0,0,0,0,0,-11,-14,-14,0,-14,0,-14,-7,-14,0,-14,-14,-14,0,0,0,0,0,0,0,0,0,0,0,0,0,0,0,0,0,0,0,0,0,0,0,0,0,0,0,0,0,0,0,0,0,0,0,0,0,0,0,0,0,0,0,0,0,0,0,0,0,0,0,0,0,0,0,0,0,0,29,29,29,29,29,29,29,29,29,29,36,29,111,97,108,94,102,99,102,102,254,254,254,254,254,254,210,113,113,113,708,665,729,652,1008,1000,989,816,956,929,850,814,1284,1261,1364,1364,29970,29970,6109,2650,29979,29980,29980,29981,29981,29982,29984,29985,29985,29986,29986,29987,29986,29987]} 1. d4 d5 2. c4 c6 3. Nf3 Nf6 4. Qc2 g6 5. Bf4 Bg7 6. e3 Bf5 7. Qb3 Qb6 8. Nc3 {[%cal Bb1c3,Bc3e2,Be2d4][%mdl 32]} O-O 9. c5 Qxb3 10. axb3 Nbd7 11. h3 Ne4 {D93: Grünfeld: 4 Nf3 Bg7 5 Bf4 0-0 6 e3.} 12. b4 (12. g4 $5 {[%cal Rg4f5]} Be6 13. Bd3 $11) 12... Rfe8 {[#]} (12... Nxc3 $11 13. bxc3 a6) 13. Ne2 $146 (13. g4 {keeps more tension.} Nxc3 14. gxf5 Ne4 15. Rg1 Kh8 16. b5) ({Predecessor:} 13. Ra3 e5 14. Nxe5 Nxe5 15. Bxe5 Bxe5 16. dxe5 Nxc3 17. bxc3 Rxe5 18. Be2 a6 19. Kd2 {1-0 (41) Shimanov,A (2550)-Sitnikov,D (2470) Olginka 2011}) 13... e5 {The position is equal.} 14. Nxe5 Nxe5 15. Bxe5 Bxe5 16. dxe5 Rxe5 17. Nd4 a6 18. g4 Bd7 19. Bd3 Rae8 20. Rg1 Kh8 (20... h6 {looks sharper.} 21. Rg2 Kg7 22. O-O-O Nf6 23. Kc2 Rh8) 21. Rd1 h6 (21... h5 {seems wilder.} 22. Nf3 R5e6 23. gxh5 Rf6 24. Ke2 gxh5 25. Rh1 Kg7) 22. Bxe4 (22. Rg2 {with more complications.} Kg7 23. Ke2 Bc8 24. Bc2 R5e7 25. Rgg1) 22... Rxe4 23. Kd2 Bc8 24. Rg3 Kg7 25. Rdg1 Rh8 26. Kc3 h5 27. R3g2 Kf8 28. Kd3 Kg7 29. Rg3 Re5 30. R3g2 Re4 31. f3 Re5 32. Re2 hxg4 33. hxg4 Rh3 34. Rgg2 Rh1 35. Rh2 Rxh2 36. Rxh2 $11 {[%mdl 4096] Endgame KRB-KRN} f6 37. Ne2 Re7 38. Nf4 Re8 39. Kd4 Re7 40. Ne2 Re8 41. Nc3 Rd8 42. Rg2 Kf7 43. g5 Bf5 44. gxf6 Kxf6 45. Rh2 Kg7 46. Ne2 Rd7 47. Kc3 Re7 48. Kd2 Re8 49. Nd4 Re7 50. Re2 Kf6 51. Rh2 Kg7 52. Ke2 Re8 53. Kf2 Re7 54. Rh1 Re8 55. Ke2 Re7 56. Kd2 Re8 57. Ne2 Re7 58. Ng3 Re8 59. Rh4 Kf6 60. Rh7 Re7 61. Rh8 {Cut Off at move 61} Bb1 62. Ne2 Bf5 63. Nd4 Rf7 64. Ke2 Rc7 65. Kf2 Kg7 66. Rd8 Kf7 67. Kg3 Bc8 (67... Kf6 $11 {remains equal.}) 68. Kf4 Kf6 69. Rd6+ Kf7 70. Kg5 Re7 71. Rd8 $1 {[%cal Rd8c8]} ({Of course not} 71. Rxg6 $6 Rxe3 72. Rh6 Kg7 $11) 71... Re5+ $2 (71... Bf5 $16 {is a better defense.}) 72. Kf4 $18 Re8 73. Rxe8 Kxe8 {KB-KN} 74. Ke5 $1 Ke7 {[#]} 75. f4 ({White should try} 75. Nb3 $1 $18) 75... Bg4 {[#]} 76. Nb3 $1 Kd7 $2 {[%mdl 8192]} (76... Bh3 $16) 77. Kf6 Bf5 78. Nd4 Be4 79. Ne6 Ke8 80. Ng5 Bc2 81. Nf7 Kd7 82. Ne5+ Kc7 83. Nxg6 b6 84. Nf8 a5 85. Ne6+ Kb7 86. bxa5 bxa5 87. Nd4 {White mates.} Be4 88. Ke7 a4 89. f5 Ka6 90. f6 Bg6 91. Nxc6 Kb5 92. Ne5 Bh5 93. c6 {Weighted Error Value: White=0.04/Black=0.04} 1-0

[Event "Chinese-ch Men 2020"]
[Site "Xinghua"]
[Date "2020.12.21"]
[Round "3.6"]
[White "Yu, Yangyi"]
[Black "Wen, Yang"]
[Result "1-0"]
[WhiteElo "2709"]
[BlackElo "2594"]
[Annotator "TA"]
[PlyCount "69"]
[EventDate "2020.12.19"]
[EventType "tourn"]
[EventCountry "CHN"]
[SourceTitle "playchess.com"]
[Source "ChessBase"]
[SourceQuality "1"]

{[%evp 9,69,13,18,0,-2,-7,0,0,0,-17,0,0,0,0,15,13,111,130,128,89,101,50,114,60,62,62,117,118,235,166,160,158,173,156,184,187,191,180,208,179,187,167,166,176,411,396,611,622,617,577,559,574,566,546,533,516,625,622,669,585,613,578]} 1. c4 e6 2. g3 Nf6 3. Bg2 d5 4. Nf3 d4 5. d3 c5 6. e4 {A13: English Opening: 1...e6.} Nc6 7. e5 Nd7 8. Qe2 {The position is equal.} Be7 9. h4 b6 10. Bf4 Bb7 11. Nbd2 {[#]} Nf8 $146 ({Predecessor:} 11... Qc7 12. O-O-O O-O-O 13. Rde1 h6 14. h5 a6 15. Kb1 Kb8 16. g4 Ka7 17. Bg3 Rde8 {0-1 (53) Kunte,A (2455)-Reefat,B (2354) Dhaka 1999}) 12. h5 g5 (12... Nd7 $11 {keeps the balance.}) 13. hxg6 $1 $16 Nxg6 14. Rh5 Qc7 {[#]} 15. O-O-O (15. Bh6 $1 $16) 15... O-O-O {[#]} ({Black should play} 15... Nxf4 $14 16. gxf4 O-O-O) 16. Ne4 (16. Bh6 $1 $16) 16... Nxf4 $14 17. gxf4 b5 {White leaves nothing to chance now.} (17... h6 $14) 18. Nfd2 $16 ({Much less strong is} 18. cxb5 Nb4 $11) 18... Ba6 (18... Kb8 $16) 19. Kb1 bxc4 20. Nxc4 Bxc4 21. dxc4 d3 22. Rxd3 Rxd3 23. Qxd3 Rd8 24. Qb3 Nd4 25. Qa4 Rg8 26. Ng3 ({And not} 26. Rxh7 Rxg2 27. Qa6+ Kb8 $11) 26... Rg4 $2 (26... Rh8 {was necessary.} 27. Qd1 h6) 27. Rxh7 $18 Rxf4 (27... Rg8 $142 28. Rxf7 a5) 28. Rh8+ {White is clearly winning.} Bd8 29. Ne4 Rxe4 30. Bxe4 {Hoping for Rf8.} Qxe5 31. Qa6+ Kd7 32. Qxa7+ Bc7 33. Qa8 {Qe8+ would kill now.} Qg5 {[%cal Rg5g1]} 34. Qe8+ Kd6 {[%cal Rg5g1]} 35. Qf8+ {Weighted Error Value: White=0.18/Black=0.42} 1-0

[Event "Chinese-ch Men 2020"]
[Site "Xinghua"]
[Date "2020.12.22"]
[Round "4.2"]
[White "Zhang, Rui"]
[Black "Yu, Yangyi"]
[Result "0-1"]
[WhiteElo "1658"]
[BlackElo "2709"]
[Annotator "TA"]
[PlyCount "98"]
[EventDate "2020.12.19"]
[EventType "tourn"]
[EventCountry "CHN"]
[SourceTitle "playchess.com"]
[Source "ChessBase"]
[SourceQuality "1"]

{[%evp 10,98,40,11,8,14,9,0,0,-7,7,10,32,4,6,9,2,4,0,0,0,0,4,-20,0,5,21,-8,12,-12,-21,-17,0,0,0,0,0,-19,-23,-76,-76,-81,-76,-83,-41,-89,-74,-76,-13,-156,-54,-78,-47,-214,-190,-183,-211,-236,-236,-236,-236,-236,-236,-236,-236,-379,-271,-271,-271,-464,-445,-387,-264,-255,-253,-6896,-6570,-29970,-29973,-29973,-1419,-29975,-29977,-29977,-29978,-29978,-29979,-29981,-29982,-29982,-29983]} 1. e4 c6 2. d4 d5 3. Nc3 dxe4 4. Nxe4 Nf6 5. Nxf6+ exf6 6. Be3 Bd6 {B15: Caro-Kann: 3 Nc3: 3...g6 and 3...dxe4 4 Nxe4 Nf6 5 Nxf6+ exf6.} 7. Bd3 Na6 $5 {[%mdl 4] [#] A promising side line.} 8. Ne2 $146 ({Predecessor:} 8. a3 Nc7 9. c4 O-O 10. Ne2 Re8 11. Qc2 g6 12. h4 f5 13. Bg5 Be7 14. Bxe7 Qxe7 {0-1 (48) Lentjes,N (2239)-Lizak,P (2454) Schwarzach 2016}) 8... Nb4 {The position is equal.} 9. O-O Bg4 10. h3 Bh5 11. Qd2 Nxd3 12. Qxd3 Bg6 13. Qd2 O-O 14. Bf4 Re8 {aiming for ...Rxe2!} 15. Bxd6 Qxd6 16. Ng3 c5 17. d5 b5 18. f4 Be4 (18... h5 {is more complex.} 19. h4 Be4 20. Rfe1 f5 21. Rad1 g6) 19. Nxe4 Rxe4 20. c3 g6 21. Rae1 Rae8 22. Rxe4 Rxe4 $11 {[%mdl 4096] Endgame KQR-KQR} 23. Qd3 f5 24. b3 (24. Qxb5 $11 Qxd5 25. Qb8+ Kg7 26. Qxa7) 24... c4 $17 25. Qd2 a5 26. Kh1 h5 27. Rf3 h4 28. Rf1 Kf8 (28... cxb3 $17 29. axb3 a4) 29. Rf2 (29. bxc4 $11 bxc4 30. Kh2) 29... Kg7 (29... cxb3 $1 $17 30. axb3 a4 31. bxa4 bxa4) 30. Rf1 Kg8 31. Rf2 $2 {This costs White the game.} (31. bxc4 $15 Rxc4 32. Qd3) 31... cxb3 $1 $19 32. axb3 a4 33. bxa4 bxa4 {[%cal Bb5a4,Ba4a3][%mdl 32]} 34. Rf1 a3 35. Rc1 Rc4 36. Qa2 Rxf4 ({Don't take} 36... Qxd5 37. Qxa3 Rxf4 38. Qb2) 37. c4 (37. Rd1 $142) 37... Rd4 38. c5 Qxd5 39. Qxa3 $2 {[#]} (39. Qxd5 {was the only defense.} Rxd5 40. c6) 39... Rd3 $1 {[%cal Rd3a3]} 40. Qb2 Rd2 {[%csl Gd2][%cal Rd5g2]} 41. Qb8+ Kg7 {[%csl Gd2][%cal Rd5g2]} 42. Qh2 $2 (42. Rg1) 42... Rd1+ 43. Rxd1 Qxd1+ 44. Qg1 {[#]} Qxg1+ $1 45. Kxg1 {KP-KP} Kf6 {Black mates.} 46. Kf2 Ke5 47. Kf3 Kd5 48. g4 hxg3 49. Kxg3 Kxc5 {Accuracy: White = 55%, Black = 75%.} 0-1

[Event "Chinese-ch Men 2020"]
[Site "Xinghua"]
[Date "2020.12.22"]
[Round "4.3"]
[White "Ju, Wenjun"]
[Black "Zhao, Jun"]
[Result "1/2-1/2"]
[WhiteElo "2560"]
[BlackElo "2638"]
[Annotator "TA"]
[PlyCount "110"]
[EventDate "2020.12.19"]
[EventType "tourn"]
[EventCountry "CHN"]
[SourceTitle "playchess.com"]
[Source "ChessBase"]
[SourceQuality "1"]

{[%evp 11,110,23,24,16,31,11,40,12,18,1,-6,-6,18,25,25,18,53,0,0,-36,-37,-26,-25,-43,-28,-48,-53,-57,14,13,39,39,45,38,59,48,60,47,136,-129,147,91,166,56,142,142,129,97,97,97,124,123,135,132,120,112,118,112,124,109,114,87,91,73,97,33,44,0,0,0,42,42,60,0,0,0,0,0,0,-4,-8,-99,-80,-77,-16,-18,0,0,0,0,0,0,0,0,0,0,0,0,0,0,0]} 1. d4 d5 2. c4 c6 3. Nf3 Nf6 4. e3 Bf5 5. Nc3 e6 6. Nh4 Bg6 7. Be2 {D12: Slav Defence: 3 Nf3 Nf6 4 e3 Bf5.} Nbd7 8. g3 Bd6 9. Nxg6 {White is slightly better.} hxg6 10. Qc2 Qe7 11. Bd2 a6 12. c5 Bc7 13. f4 {[#]} Ba5 $146 ({Predecessor:} 13... g5 14. O-O gxf4 15. exf4 b6 16. b4 a5 17. a3 O-O 18. Kg2 Rfb8 19. Bd3 Nf8 {1-0 (53) Hambleton,A (2501)-Smith,D (2070) chess.com INT 2018}) 14. Nb1 (14. O-O $14) 14... Bc7 $11 15. Bf3 g5 16. Nc3 gxf4 17. exf4 b6 18. b4 a5 19. Na4 axb4 (19... O-O $15) 20. cxb6 Bd6 21. Qxc6 O-O 22. O-O Rfb8 23. Rfc1 Qf8 24. Be2 $36 {[%mdl 2048] White has good play.} Be7 (24... Qe7 $1 $14) 25. Rab1 $2 {[%mdl 8192] [#]} (25. b7 $16 {keeps the pressure on.} Ra7 26. Ba6) 25... g6 $2 {[%mdl 8192] [#]} (25... Nxb6 $1 $17 26. Nxb6 Rxa2) 26. Be1 (26. b7 $142 $1 {[%cal Rb7a8]} Ra7 27. Ba6) 26... Kg7 (26... Kh7 $16 {was called for.} 27. Bf1 Qh8) 27. Bf1 (27. b7 $18 Ra7 28. Ba6) 27... Rxa4 ({Black should play} 27... Qh8 $14) 28. Qxa4 $16 {[%cal Re1b4]} Nxb6 29. Qa7 Nc4 30. Bxc4 Ra8 31. Qb7 Rb8 32. Qc6 dxc4 33. Qxc4 Nd5 34. Qe2 Ra8 35. Rc2 Bf6 36. Qe4 Ra4 37. Rd1 Qa8 38. Qe2 (38. Rdd2 $16) 38... Qa7 $14 39. Kh1 Qa8 {White must now prevent ...Nxf4+.} 40. Kg1 Qa7 41. Rd3 Nc3 42. Rcxc3 ({Better is} 42. Qe3 $14) 42... bxc3 $11 ({But not} 42... Bxd4+ $2 43. Rxd4 Qxd4+ 44. Qe3 $18) 43. Bxc3 Rxa2 44. Rd2 Ra3 45. Bb2 Rb3 {And now ...Rxb2! would win.} 46. Kf1 (46. Rd3 $11 Rb5 47. Qc2) 46... Qb7 $17 {[%mdl 1024] Black has strong compensation.} 47. Qg2 Rf3+ (47... Qa6+ $17 48. Qe2 Qa8) 48. Kg1 $11 {Strongly threatening Rd3!The position is equal.} Qe4 {( -> ...Qe1+)} 49. Rf2 $1 Qe1+ 50. Qf1 Qe3 51. Kg2 Rxf2+ 52. Qxf2 Qe4+ 53. Qf3 Qc2+ 54. Qf2 Qe4+ 55. Qf3 Qc2+ {Weighted Error Value: White=0.28/Black=0.22} 1/2-1/2

[Event "Chinese-ch Men 2020"]
[Site "Xinghua"]
[Date "2020.12.22"]
[Round "4.4"]
[White "Huang, Renjie"]
[Black "Xu, Yinglun"]
[Result "1/2-1/2"]
[WhiteElo "2422"]
[BlackElo "2554"]
[Annotator "TA"]
[PlyCount "40"]
[EventDate "2020.12.19"]
[EventType "tourn"]
[EventCountry "CHN"]
[SourceTitle "playchess.com"]
[Source "ChessBase"]
[SourceQuality "1"]

{[%evp 16,40,3,0,6,-7,0,-12,0,0,-8,-6,-10,-10,0,-15,-10,-7,0,0,0,-11,0,0,0,-8,0]} 1. e4 c5 2. Nf3 d6 3. Bb5+ Bd7 4. Bxd7+ Nxd7 5. O-O Ngf6 6. Re1 e6 7. c3 Be7 8. d4 O-O $1 {[%mdl 4] outshines the older 8...cxd4. Played by Liren Ding in June 2020.} 9. e5 {The position is equal.} Ne8 {[#] 9...Nd5 is not played anymore. B52: Sicilian: Moscow Variation with 3...Bd7.} 10. dxc5 $146 ({Predecessor:} 10. Qe2 cxd4 11. cxd4 Nb6 12. Qe4 Qd7 13. Bg5 Nd5 14. Nbd2 Rc8 15. Nf1 h6 16. Bxe7 Nxe7 17. Ng3 {½-½ (34) Nakamura,H (2736)-Ding,L (2791) chess24.com INT 2020}) 10... Nxc5 11. Be3 Qc7 12. Bxc5 Qxc5 13. Nbd2 Rd8 14. Qb3 Qc7 15. Nc4 dxe5 16. Ncxe5 Bf6 17. Ng4 Be7 18. Nge5 Bf6 19. Ng4 Be7 20. Nge5 Bf6 {Not much happened in this game. Accuracy: White = 100%, Black = 100%.} 1/2-1/2

[Event "Chinese-ch Men 2020"]
[Site "Xinghua"]
[Date "2020.12.22"]
[Round "4.5"]
[White "Lin, Yi"]
[Black "Lu, Shanglei"]
[Result "1/2-1/2"]
[WhiteElo "2408"]
[BlackElo "2615"]
[Annotator "TA"]
[PlyCount "60"]
[EventDate "2020.12.19"]
[EventType "tourn"]
[EventCountry "CHN"]
[SourceTitle "playchess.com"]
[Source "ChessBase"]
[SourceQuality "1"]

{[%evp 9,60,27,33,27,30,33,83,14,14,17,9,20,25,0,0,0,0,-6,-6,-4,0,0,0,0,0,0,0,0,0,0,0,0,0,0,0,0,0,0,0,0,0,0,9,0,0,0,0,-4,0,0,0,0,0]} 1. d4 Nf6 2. c4 e6 3. Nf3 a6 4. Nc3 d5 5. cxd5 exd5 6. Bg5 {D37: Queen's Gambit Declined: 5 Bf4.} Be6 7. e3 h6 8. Bf4 {[#]} (8. Bxf6 $16 gxf6 9. Bd3) 8... c5 $146 ({Predecessor:} 8... Nbd7 9. h3 Be7 10. Bd3 c5 11. dxc5 Nxc5 12. O-O O-O 13. Rc1 Rc8 14. Bb1 Qd7 {½-½ (95) Ding,L (2811)-Nepomniachtchi,I (2776) chess.com INT 2019}) 9. dxc5 Bxc5 10. Bd3 Nc6 11. h3 O-O {The position is equal.} 12. O-O d4 13. exd4 Nxd4 14. Rc1 {[%cal Ba1c1,Bc1c2,Bc2d2][%mdl 32]} Rc8 15. Be5 {[#] Threatens to win with Nxd4.} Nxf3+ 16. Qxf3 Bd4 17. Bxd4 Qxd4 18. Rfd1 {And now Bh7+! would win.} Qb4 19. Rc2 Rfe8 20. Bf5 Bxf5 21. Qxf5 Rc5 22. Qf3 Rce5 23. Rcd2 Re1+ 24. Rxe1 Rxe1+ 25. Kh2 Re8 (25... Qe7 {is more complex.} 26. g3 b5 27. a3 g6 28. Re2 Rxe2 29. Nxe2 Kg7) 26. Re2 Rxe2 27. Qxe2 Qd6+ 28. Kg1 Qc6 29. Qd2 Qb6 30. b3 Qc6 {Weighted Error Value: White=0.07/Black=0.03} 1/2-1/2

[Event "Chinese-ch Men 2020"]
[Site "Xinghua"]
[Date "2020.12.22"]
[Round "4.6"]
[White "Bai, Jinshi"]
[Black "Wei, Yi"]
[Result "1/2-1/2"]
[WhiteElo "2618"]
[BlackElo "2732"]
[Annotator "TA"]
[PlyCount "39"]
[EventDate "2020.12.19"]
[EventType "tourn"]
[EventCountry "CHN"]
[SourceTitle "playchess.com"]
[Source "ChessBase"]
[SourceQuality "1"]

{[%evp 15,39,11,11,0,8,0,0,0,0,0,0,-11,0,0,0,0,0,0,0,0,0,0,0,0,0,0]} 1. d4 d5 2. c4 e6 3. Nf3 Nf6 4. Nc3 c6 5. e3 Nbd7 6. Qc2 Bd6 7. Be2 O-O 8. O-O b6 {The position is equal.} 9. a4 {D45: Semi-Slav: 5 e3.} a5 10. e4 dxe4 11. Nxe4 Nxe4 12. Qxe4 Bb7 13. Rd1 Qc7 14. Bd3 {[%csl Gd3][%cal Re4h7] [#]} g6 $1 15. Qh4 {[#]} Rfe8 $146 ({Predecessor:} 15... c5 16. Ng5 Nf6 17. Be3 cxd4 18. Bxd4 Be5 19. Bf1 Bc6 20. b3 Kg7 21. Re1 Bxd4 22. Qxd4 {0-1 (56) Vitiugov,N (2722)-Moskalenko,A (2515) chess.com INT 2020}) 16. Ng5 Nf6 17. Nh3 Nd7 (17... Bxh2+ $6 18. Kf1 $16) 18. Ng5 Nf6 19. Nh3 Nd7 ({But not} 19... Bxh2+ $6 20. Kf1 $16) 20. Ng5 {An uneventful encounter.  Weighted Error Value: White=0.02/Black=0.01} 1/2-1/2